Seguridad e higiene en el trabajo / Adolfo Rodellar Lisa (Registro nro. 12849)

Detalles MARC
000 -LÍDER
fixed length control field 00480nam a2200145 4500
008 - ELEMENTOS DE LONGITUD FIJA -- INFORMACIÓN GENERAL
fixed length control field 0 1999 0a 000 0COL
020 ## - NÚMERO INTERNACIONAL NORMALIZADO PARA LIBROS
ISBN 970-15-0481-X
050 ## - SIGNATURA TOPOGRAFICA DE LA BIBLIOTECA DEL CONGRESO (LC)
Número de Clasificación T55 R65 1999
082 ## - NUMERO DE CLASIFICACION DECIMAL DEWEY
Número de Clasificación 658.38 R636s
100 ## - ASIENTO PRINCIPAL--NOMBRE PERSONAL
Nombre personal Rodellar Lisa, Adolfo
245 ## - TÍTULO
Título Seguridad e higiene en el trabajo / Adolfo Rodellar Lisa
260 ## - PUBLICACIÓN, DISTRIBUCIÓN, ETC. (PIE DE IMPRENTA)
Lugar de publicación, distribución, etc. Colombia : Alfaomega
300 ## - DESCRIPCIÓN FÍSICA
Extensión 164 p. / 24 cm.
650 ## - ASIENTO SECUNDARIO DE MATERIA - TERMINO TEMÁTICO
Término temático o nombre geográfico como elemento de entrada 1.HIGIENE INDUSTRIAL \ 2.SEGURIDAD INDUSTRIAL \ 3.ACCIDENTES-MEDIDAS DE SEGURIDAD
Existencias
No. biblioteca No. biblioteca Número de clasificación Código de barras/Número de adquisición Número de copia Tipo de material
LUIS G. INCLAN LUIS G. INCLAN 658.38 R636s 34743 2 Libros
LUIS G. INCLAN LUIS G. INCLAN 658.38 R636s 34744 3 Libros
LUIS G. INCLAN LUIS G. INCLAN 658.38 R636s 34742 1 Libros
LUIS G. INCLAN LUIS G. INCLAN 658.38 R636s 38876 4 Libros
LUIS G. INCLAN LUIS G. INCLAN 658.38 R636s 38877 5 Libros
LUIS G. INCLAN LUIS G. INCLAN 658.38 R636s 38878 6 Libros
LUIS G. INCLAN LUIS G. INCLAN 658.38 R636s 43323 7 Libros
LUIS G. INCLAN LUIS G. INCLAN 658.38 R636s 43324 8 Libros
LUIS G. INCLAN LUIS G. INCLAN 658.38 R636s 47058 9 Libros
Calzada Tecnológico # 27, Zacatepec, Morelos.
01(734) 343-07-23 / 343-21-10 / 343-21-11
Apdo. Postal 45 C.P 62780